| 000 | 01734cam a2200517 a 4500 | ||
|---|---|---|---|
| 001 | 21471 | ||
| 003 | VRT | ||
| 005 | 20260302132042.0 | ||
| 008 | 160610s2014 xr a b 000 j slo | ||
| 015 | _aSNBZSA2015 | ||
| 020 | _a9788025231296 (viaz.) | ||
| 035 | _a602663DD-51FC-4964-937D-37A933620741 | ||
| 035 | _aurn:nbn:sk:snk-aml13z | ||
| 035 | _aurn:nbn:sk:snk-am008moj | ||
| 039 | 9 |
_a201606101536 _bVLOAD _c201604291803 _dVLOAD _c201604281010 _dVLOAD _c201510051351 _dmsnk116 |
|
| 040 |
_aSLLK _bslo _cSLLK _dSNK _eAACR2 |
||
| 041 | 1 |
_aslo _h[eng] |
|
| 044 |
_axr _cCZ |
||
| 072 | 7 |
_a821.111(73)-3 _xAmerická próza _2konspekt |
|
| 072 | 7 |
_a821-93 _xLiteratúra pre deti a mládež _2konspekt |
|
| 080 |
_a(0:82-32) _22001 |
||
| 080 |
_a(0.053.2) _22001 |
||
| 080 |
_a821-93 _22001 |
||
| 110 | 2 | _aStudio 100 | |
| 245 | 1 | 0 |
_aRozprávky na dobrú noc _n7 _pVčielka Maja _c[preložila Eva Krupová ; Studio 100] |
| 246 | 3 | 0 | _aVčielka Maja |
| 260 |
_aPraha _bEgmont ČR _c2014 |
||
| 300 |
_a63 s. _bilustr. _c28 cm |
||
| 490 | 1 | _aVčielka Maja | |
| 500 | _aNa základe kníh Waldemara Bonselse | ||
| 500 | _aDokument obsahuje 4 diela | ||
| 655 | 7 |
_apríbehy _2SNKPH |
|
| 655 | 7 |
_apublikácie pre deti _2SNKPH |
|
| 655 | 7 |
_aStories _2SNKPHeng |
|
| 655 | 7 |
_aChildren’s literature _2SNKPHeng |
|
| 700 | 1 |
_aKrupová, Eva, _d1941- _4trl |
|
| 700 | 1 |
_aBonsels, Waldemar, _d1880-1952 _4org |
|
| 740 | 0 | 2 | _aVýzor klame |
| 740 | 0 | 2 | _aSpiaca krásavica |
| 740 | 0 | 2 | _aMaja si nepospí |
| 740 | 0 | 2 | _aFilibert |
| 830 | 0 | _aVčielka Maja | |
| 942 |
_2ddc _cKLDE _n0 |
||
| 949 |
_63869A10688 _abpksh821-93 _bbpksh66539 |
||
| 949 |
_617A1141878 _asnkSB 87427/7 _bsnk2015/10806 _oPemic14-ah/36Int. č. fa – 14/2015 _s6100:20151005 |
||
| 999 |
_c21471 _d21471 |
||